[Event "Open"]
[Site "Mariupol UKR"]
[Date "2003.07.12"]
[Round "2"]
[White "Skliar,A"]
[Black "Matjushin,G"]
[Result "0-1"]
[WhiteElo "2266"]
[BlackElo "2416"]

1.e4 g6 2.d4 Bg7 3.Nc3 d6 4.f4 Nf6 5.Nf3 O-O 6.Be3 b6 7.Bc4 Bb7 8.e5 Ng4
9.Qe2 c5 10.O-O-O Nc6 11.dxc5 Nxe3 12.Qxe3 bxc5 13.h4 Na5 14.Be2 Qb6 15.h5 Rab8
16.b3 c4 17.Qxb6 axb6 18.hxg6 hxg6 19.b4 Nc6 20.Nd5 b5 21.a4 e6 22.Nf6+ Bxf6
23.exf6 Nxb4 24.axb5 c3 25.Rd4 Nd5 26.f5 exf5 27.Bc4 Ra8 28.Kb1 Nxf6 29.Rxd6 Kg7
30.Ne5 Ne4 31.Rd7 Nd2+ 32.Rxd2 cxd2 33.Rd1 Rfe8 34.Nd3 Re2 35.Kb2 Rxg2 36.Kc3 Rc8
37.Nb2 Bd5 38.b6 Bxc4 39.b7 Rb8 40.Nxc4 Rxb7  0-1

[Event "13th S&WYM Rated"]
[Site "Millfield School ENG"]
[Date "2003.07.12"]
[Round "2"]
[White "Hanley,Ja"]
[Black "Deva,C"]
[Result "0-1"]
[WhiteElo "2030"]
[BlackElo "2148"]

1.e4 d6 2.d4 g6 3.Nc3 Bg7 4.Nf3 c6 5.a4 Bg4 6.Be2 Bxf3 7.Bxf3 Qb6 8.Ne2 Nd7
9.a5 Qc7 10.Be3 Ngf6 11.O-O O-O 12.Qd2 Rfe8 13.Ng3 e5 14.c3 Nf8 15.Rfd1 Red8
16.Qc2 Ne6 17.Qb3 Nd7 18.Bg4 Nf4 19.dxe5 dxe5 20.Bxd7 Rxd7 21.Rxd7 Qxd7 22.Rd1 Qe7
23.Qc2 Ne6 24.f3 h5 25.Nf1 Qc7 26.Qa4 Bf8 27.b4 Nf4 28.Rd2 Rd8 29.Qd1 Rxd2
30.Qxd2 c5 31.g3 Ne6 32.Qb2 Qd8 33.Kf2 Qd3 34.Qd2 Qc4 35.bxc5 Bxc5 36.Qb2 Qa6
37.Qa2 Qd3 38.Qd2 Bxe3+ 39.Qxe3 Qa6 40.Nd2 Qxa5 41.f4 exf4 42.gxf4 Qd8 43.Nf3 b6
44.f5 Nc5 45.fxg6 fxg6 46.e5 Qe7 47.Nd4 Qxe5 48.Qxe5 Nd3+ 49.Ke2 Nxe5 50.Nb5 a5
51.h3 Kf7 52.Ke3 Ke6 53.Kf4 Kf6 54.h4 Nc4 55.Nc7 a4 56.Nd5+ Kf7 57.Nb4 a3
58.Ke4 Nb2 59.Kd4 Kf6 60.Kd5 g5 61.Ke4  0-1

[Event "Open A"]
[Site "Poznan POL"]
[Date "2003.07.12"]
[Round "7"]
[White "Lubczynski,R"]
[Black "Kozlowski,To"]
[Result "1-0"]
[WhiteElo "2084"]
[BlackElo "2021"]

1.d4 d6 2.e4 g6 3.Nc3 Bg7 4.Be3 e5 5.Qd2 Nc6 6.Bb5 Bd7 7.Nf3 Nf6 8.h3 O-O
9.Bg5 Re8 10.Bxc6 Bxc6 11.d5 Bd7 12.O-O a6 13.Ne1 Qb8 14.Nd3 Bb5 15.f4 Qa7+
16.Kh2 Qd4 17.Bxf6 Bxf6 18.f5 Kg7 19.Rae1 h6 20.Nxb5 axb5 21.c3 Qb6 22.fxg6 Bg5
23.Qe2 fxg6 24.Qg4 Rxa2 25.h4 Be7 26.Qe6 Raa8 27.Rf7+  1-0

[Event "103rd ch-SUI"]
[Site "Silvaplana SUI"]
[Date "2003.07.12"]
[Round "3"]
[White "Raeber,M"]
[Black "Torricelli,A"]
[Result "1-0"]
[WhiteElo "2213"]
[BlackElo "2028"]

1.e4 g6 2.d4 Bg7 3.Nc3 d6 4.Be3 Nf6 5.f3 c6 6.Qd2 Nbd7 7.Nh3 b5 8.Nf2 a6
9.Be2 e5 10.O-O O-O 11.dxe5 dxe5 12.Rad1 Re8 13.Ng4 Re6 14.Nh6+ Bxh6 15.Bxh6 Qc7
16.a4 Bb7 17.Qe3 Nf8 18.Rd2 Re7 19.Bg5 Kg7 20.f4 exf4 21.Qxf4 Nxe4 22.Bxe7 Nxd2
23.Bf6+  1-0

[Event "Open"]
[Site "Montpellier FRA"]
[Date "2003.07.13"]
[Round "7"]
[White "Chernuschevich,A"]
[Black "Nevednichy,V"]
[Result "1-0"]
[WhiteElo "2489"]
[BlackElo "2593"]

1.d4 g6 2.e4 Bg7 3.Nc3 d6 4.g3 Nf6 5.Bg2 O-O 6.Nge2 Na6 7.O-O c5 8.h3 cxd4
9.Nxd4 Nc7 10.Nb3 e5 11.Bg5 h6 12.Be3 Kh7 13.Qd2 Qe7 14.Rad1 Rd8 15.f4 Be6
16.Qf2 b6 17.Nd5 Ncxd5 18.exd5 Bd7 19.fxe5 dxe5 20.d6 Qe8 21.Bxa8 Rxa8 22.g4 Kg8
23.c4 h5 24.g5 Nh7 25.Qf3 Rc8 26.c5 h4 27.Rd2 Nf8 28.cxb6 axb6 29.Bxb6 Ne6
30.Be3 Rc4 31.Qd5 Rf4 32.Nc5 Rxf1+ 33.Kxf1 Nxc5 34.Bxc5 Bxh3+ 35.Kg1 Qd7
36.Qa8+ Kh7 37.Qe4 Bf5 38.Qxh4+ Kg8 39.b4 e4 40.Rh2 Be5 41.Qh7+ Kf8 42.Rh4 Bg4
43.a4 e3 44.Qh8+ Bxh8 45.Rxh8+ Kg7 46.Bd4+ f6 47.gxf6+ Kxh8 48.f7+ Kh7 49.f8=Q g5
50.Qe7+ Kg8 51.Bxe3 Qf5 52.b5 Qb1+ 53.Kh2 Qd1 54.Qxg5+ Kf7 55.Qe7+ Kg6 56.Qe8+ Kf5
57.Qf7+ Ke5 58.b6 Bf5 59.Bf2 Qg4 60.Bg3+ Kd4 61.Qf6+ Kd3 62.Qh4 Qf3 63.Bf2 Ke2
64.Qg3 Qh5+ 65.Kg1 Qh7 66.Qe3+ Kd1 67.Qd4+ Ke2 68.d7 Bxd7 69.Qe5+ Kd1 70.b7 Bc6
71.Qe1+ Kc2 72.Qe2+ Kc3 73.Be1+ Kd4 74.Qg4+ Ke3 75.Bf2+ Kd2 76.Qd4+ Ke2 77.Qc4+ Kd1
78.Qxc6 Qb1 79.Kg2  1-0

[Event "Women's"]
[Site "Saint Lo FRA"]
[Date "2003.07.13"]
[Round "5"]
[White "Gutierrez Castillo,P"]
[Black "Mihajlovskij,S"]
[Result "0-1"]
[WhiteElo "2136"]
[BlackElo "2411"]

1.e4 g6 2.d4 Bg7 3.Nc3 d6 4.h3 Nf6 5.Nf3 O-O 6.Be2 Nbd7 7.Be3 e5 8.dxe5 dxe5
9.O-O Qe7 10.Nd5 Nxd5 11.Qxd5 Re8 12.Qc4 Nb6 13.Qc5 Qxc5 14.Bxc5 Bd7 15.b3 Bc6
16.Bd3 Bf8 17.Bxf8 Kxf8 18.Nd2 a5 19.f4 Kg7 20.f5 f6 21.a4 Red8 22.Rf2 g5
23.Re1 Rd4 24.Re3 Rad8 25.Rff3 h5 26.h4 g4 27.Rf2 Be8 28.Nc4 Nxc4 29.Bxc4 Bxa4
30.Bd5 Rd1+ 31.Rf1 Rxf1+ 32.Kxf1 Bb5+ 33.Ke1 c6 34.Be6 Kf8 35.g3 Ke7 36.c4 Ba6
37.Ke2 Rd4 38.Rd3 Rxe4+ 39.Kd2 Rd4 40.Rxd4 exd4 41.Kd3 c5 42.Bc8 Kd8 43.Be6 b5
44.Bf7 bxc4+ 45.bxc4 Bc8 46.Bxh5 Bxf5+ 47.Kd2 a4  0-1

[Event "103rd ch-SUI"]
[Site "Silvaplana SUI"]
[Date "2003.07.13"]
[Round "4"]
[White "Papa,S"]
[Black "Gallagher,Jo"]
[Result "1/2-1/2"]
[WhiteElo "2372"]
[BlackElo "2520"]

1.e4 g6 2.d4 Bg7 3.Nc3 d6 4.Be3 c6 5.Qd2 Nd7 6.Nf3 Qc7 7.a4 Ngf6 8.Bh6 Bxh6
9.Qxh6 Qa5 10.Bd3 Qh5 11.Qd2 Qa5 12.O-O e5 13.Bc4 exd4 14.Qxd4 Qc5 15.Rfd1 Qxd4
16.Rxd4 Ke7 17.Rad1 Ne5 18.Be2 Nxf3+ 19.Bxf3 Ne8  1/2-1/2

[Event "24th Open"]
[Site "Bled SLO"]
[Date "2003.07.16"]
[Round "4"]
[White "Nepomniachtchi,I"]
[Black "Loncar,R"]
[Result "1-0"]
[WhiteElo "2432"]
[BlackElo "2394"]

1.e4 d6 2.d4 g6 3.Nc3 Bg7 4.Nge2 Nd7 5.g3 e5 6.Bg2 Ngf6 7.h3 exd4 8.Nxd4 O-O
9.O-O Re8 10.Re1 a6 11.g4 Nc5 12.Bg5 c6 13.Bh4 Qc7 14.Bg3 Nfd7 15.Qd2 Ne5
16.b3 b5 17.Rad1 Bb7 18.Kh1 b4 19.Nce2 Nxe4 20.Bxe4 c5 21.Qf4 cxd4 22.Nxd4 Nd7
23.Bxb7 Qxb7+ 24.Qf3 d5 25.Rxe8+ Rxe8 26.Ne2 Nf6 27.c4 bxc3 28.Nxc3 Ne4 29.Nxd5 Nxg3+
30.fxg3 Qb8 31.Rf1 Rf8 32.Kg2 Qe5 33.Rf2 f5 34.gxf5 Rxf5 35.Nf4 h6 36.Re2 Qa1
37.Qa8+ Kh7 38.Qxa6 Rf6 39.Qd3 h5 40.Rf2 Qe1 41.Qe2 Qc1 42.Qe4 Qc5 43.Nd3 Rxf2+
44.Nxf2 Bd4 45.Qe2 Qc1 46.h4 Be3 47.Nh3 Kh6 48.Nf2 Kh7 49.a4 Bc5 50.Qc4 Qe3
51.Qf7+ Kh8 52.a5 Qe2 53.Qf4 Be3 54.Qf3 Qd2 55.a6 Qd4 56.b4 Kg7 57.b5 Kh6
58.Ne4 Qb2+ 59.Kh3 Bd4 60.Qf4+ Kg7  1-0

[Event "3rd Open"]
[Site "St Chely d'Aubrac FRA"]
[Date "2003.07.16"]
[Round "5"]
[White "Lagunes,J"]
[Black "Badea,B"]
[Result "0-1"]
[WhiteElo "2088"]
[BlackElo "2499"]

1.e4 g6 2.d4 Bg7 3.Nc3 d6 4.Bg5 c6 5.Qd2 b5 6.Nf3 Nd7 7.a3 a6 8.Rd1 Qc7 9.Be2 Bb7
10.O-O e5 11.Rfe1 Ngf6 12.Bf1 h6 13.dxe5 dxe5 14.Be3 Ng4 15.g3 Nxe3 16.Rxe3 Nc5
17.b4 Ne6 18.Rd3 Bc8 19.Bh3 O-O 20.Kg2 a5 21.Ne2 axb4 22.axb4 Re8 23.Nc1 c5
24.c3 c4 25.Rd5 Bb7 26.Nh4 Bxd5 27.exd5 Ng5 28.Bg4 Qd6 29.Ne2 Ne4 30.Qe3 Nf6
31.Bh3 Nxd5 32.Qc5 Ne3+ 33.fxe3 Qxd1 34.Kf2 Ra2 35.Bf1 Re6 36.Qxb5 Rf6+  0-1

[Event "2nd Open"]
[Site "Condom FRA"]
[Date "2003.07.17"]
[Round "8"]
[White "Lemeaux,D"]
[Black "Manea,A"]
[Result "1-0"]
[WhiteElo "2152"]
[BlackElo "2299"]

1.e4 g6 2.d4 Bg7 3.Nc3 d6 4.Be3 a6 5.Qd2 b5 6.O-O-O Bb7 7.f3 Nd7 8.Kb1 c5
9.Nce2 Rc8 10.d5 Nb6 11.Qe1 Bxb2 12.c3 Nf6 13.Bh6 Ba3 14.Ng3 b4 15.c4 a5
16.e5 dxe5 17.Qxe5 Nbd7 18.Qe3 Qb6 19.Re1 e5 20.Bg7 Rg8 21.Bxf6 Qxf6 22.f4 e4
23.Qd2 Kd8 24.Nxe4 Qb6 25.Qc2 Kc7 26.Nf3 Rce8 27.Bd3 h6 28.Ne5 Nxe5 29.fxe5 Rxe5
30.Qf2 Rge8 31.Qxf7+ Kb8 32.Re2 b3 33.Rhe1 Rxe4 34.Bxe4 bxa2+ 35.Kxa2 Rxe4
36.Qf3 Rxe2+ 37.Rxe2 Bc1 38.Qc3 Bg5 39.Re6 Qb4 40.Qxb4 axb4 41.Rxg6 Bc8 42.h4 Bxh4
43.Rxh6 Be1 44.Rh8 Kb7 45.Rg8 Bf5 46.Kb3 Bd3 47.Re8 Bh4 48.g4 Kc7 49.Re6 Kd7
50.Rc6 Be2 51.Rxc5 Bd1+ 52.Kxb4 Be7 53.g5 Bh5 54.Kb5 Bxc5 55.Kxc5 Be8 56.Kd4 Kd6
57.c5+ Kd7 58.Ke5 Ke7 59.c6 Bh5 60.d6+ Kd8 61.Kd5 Bf3+ 62.Kc5 Be4 63.Kb6 Kc8
64.d7+ Kd8 65.Kb7  1-0

[Event "BCSA Open"]
[Site "Batumi GEO"]
[Date "2003.07.18"]
[Round "2"]
[White "Kviriashvili,I"]
[Black "Shalamberidze,A"]
[Result "0-1"]
[WhiteElo "2257"]
[BlackElo "2443"]

1.e4 g6 2.d4 Bg7 3.Nc3 d6 4.Nf3 c6 5.a4 Nf6 6.h3 O-O 7.Be3 Qc7 8.Be2 e5 9.dxe5 dxe5
10.Bc4 Nh5 11.O-O Nf4 12.Bxf4 exf4 13.Re1 Nd7 14.Qd2 Nb6 15.Bb3 Be6 16.e5 Bxb3
17.cxb3 Nd7 18.Qxf4 Rfe8 19.Ne4 Nxe5 20.Nf6+ Bxf6 21.Qxf6 Re6 22.Qf4 Rae8
23.Nxe5 Rxe5 24.Rxe5 Qxe5 25.Qd2 Qe2 26.Qd4 Re4 27.Qc3 h5 28.Rf1 h4 29.Qc1 Qd3
30.Qc3 Qd5 31.Qc2 Qe5 32.Rd1 Kf8 33.Qc3 Ke7 34.Qxe5+ Rxe5 35.Kf1 Rd5 36.Re1+ Kd6
37.Re4 Rd1+ 38.Ke2 Ra1 39.Rd4+ Kc5 40.Rd2 a5 41.Kd3 Rg1 42.f3 Rc1 43.Re2 Kb4
44.Kd2 Rc5 45.Re3 Rg5 46.Re7 b5 47.Rxf7 Kxb3 48.axb5 cxb5 49.Kd3 a4 50.Rf4 b4
51.Rxh4 Rxg2 52.Kd4 Rg5 53.f4 Ra5 54.Rg4 Kxb2 55.Kc4 Ka3 56.Rxg6 b3 57.Rg3 Ka2
58.Kb4 Ra8 59.f5 b2 60.Rg2 Kb1 61.Rf2 a3 62.f6  0-1

[Event "KB Czech Open"]
[Site "Pardubice CZE"]
[Date "2003.07.18"]
[Round "1"]
[White "Krivoborodov,E"]
[Black "Roiz,M"]
[Result "1/2-1/2"]
[WhiteElo "2298"]
[BlackElo "2554"]

1.e4 g6 2.d4 Bg7 3.Nc3 d6 4.g3 Nf6 5.Bg2 O-O 6.Nge2 e5 7.h3 Nc6 8.Be3 Bd7
9.O-O exd4 10.Nxd4 Re8 11.Re1 a6 12.a4 Rb8 13.f4 Na5 14.Bf2 c5 15.Nf3 Bc6
16.e5 dxe5 17.Nxe5 Bxg2 18.Kxg2 Qc7 19.Qf3 Re6 20.Rad1 Rbe8 21.Re3 b6 22.g4 Qc8
23.Red3 h6 24.Bg3 Nc6 25.Nxc6 Qxc6 26.Qxc6 Rxc6 27.Kf3 Rce6 28.Bf2 Ne4 29.Nxe4 Rxe4
30.b3 Bd4 31.Bxd4 cxd4 32.Rxd4  1/2-1/2

[Event "103rd ch-SUI w"]
[Site "Silvaplana SUI"]
[Date "2003.07.18"]
[Round "9"]
[White "Lematschko,T"]
[Black "Ramseier,Ja"]
[Result "1-0"]
[WhiteElo "2285"]
[BlackElo "2207"]

1.e4 g6 2.d4 Bg7 3.Nc3 d6 4.Be3 Nf6 5.h3 c6 6.g4 b5 7.a3 a6 8.Bg2 Bb7 9.g5 Ng8
10.f4 Nd7 11.Nf3 Qc7 12.O-O O-O-O 13.Qe2 h6 14.h4 e6 15.f5 exf5 16.exf5 gxf5
17.Bf2 hxg5 18.hxg5 Nf8 19.Rfe1 Ng6 20.Qd3 N8e7 21.Ne2 Kb8 22.Bg3 Bc8 23.a4 Qb6
24.axb5 cxb5 25.c4 f4 26.Bf2 bxc4 27.Qxc4 d5 28.Qa4 Qd6 29.Rec1 Bb7 30.b4 Rc8
31.b5 Rxc1+ 32.Nxc1 axb5 33.Qxb5 Qc6 34.Qa5 Nc8 35.Nd3 Nd6 36.Nc5 Ne7 37.Rb1 Kc8
38.Bf1 Qc7 39.Qa7 Bc6 40.Ba6+ Kd8 41.Bb7 Nec8 42.Qa6 Nxb7 43.Nxb7+ Bxb7 44.Qxb7 Qd7
45.Nh2 Rh5 46.Qxd7+ Kxd7 47.Rb7+ Ke6 48.Nf3 Nd6 49.Rb6 Kd7 50.Ra6 Ne4 51.g6 Nxf2
52.Kxf2 Rf5 53.Ke2 Ke8 54.Ra8+ Ke7 55.Ra7+ Ke8 56.Kd3 Kf8 57.Ra8+ Ke7 58.Nh4 Rh5
59.Ra7+ Ke6 60.Nf3 Bf6 61.gxf7 Rh8 62.Ra6+ Kf5 63.Rd6 Be7 64.Rxd5+ Kg6 65.Ne5+ Kg7
66.Rd7 Kf6  1-0

[Event "BCSA Open"]
[Site "Batumi GEO"]
[Date "2003.07.19"]
[Round "3"]
[White "Simonian,H"]
[Black "Shurgulaia,G"]
[Result "1-0"]
[WhiteElo "2270"]
[BlackElo "2146"]

1.e4 d6 2.d4 g6 3.Nc3 Bg7 4.Be3 e5 5.Nf3 Nc6 6.dxe5 dxe5 7.Qxd8+ Nxd8 8.Nd5 Ne6
9.Ng5 Nxg5 10.Nxc7+ Kd8 11.Nxa8 Ne6 12.O-O-O+ Ke7 13.Bxa7 Bd7 14.Nb6 Bh6+
15.Kb1 Bc6 16.Nd5+ Ke8 17.Bc4 Ne7 18.Bb8 Bg7 19.c3 b5 20.Bb3 Bb7 21.f3 Nc6
22.Bd6 Na5 23.Nc7+ Nxc7 24.Bxc7 Nc6 25.Rd3  1-0

[Event "BCSA Open"]
[Site "Batumi GEO"]
[Date "2003.07.19"]
[Round "3"]
[White "Datuashvili,N"]
[Black "Tkebuchava,G"]
[Result "0-1"]
[WhiteElo "2232"]
[BlackElo "2350"]

1.e4 g6 2.d4 Bg7 3.Nc3 d6 4.g3 Nc6 5.d5 Nb8 6.Bg2 e5 7.Be3 Ne7 8.Qd2 Nd7
9.Bh6 O-O 10.h4 f6 11.Bxg7 Kxg7 12.f4 h5 13.f5 gxf5 14.O-O-O Nc5 15.Qe2 Qe8
16.Bf3 Rh8 17.Nh3 fxe4 18.Nxe4 Nxe4 19.Qxe4 Bf5 20.Qe2 Qa4 21.Kb1 Rh6 22.b3 Qd7
23.Nf2 Rah8 24.Rhg1 Kf7 25.Rdf1 Ke8 26.g4 hxg4 27.Bxg4 Rxh4 28.Bxf5 Nxf5
29.Ne4 R8h6 30.Qg2 Qg7 31.Qxg7 Nxg7 32.Nxf6+ Rxf6 33.Rxf6 Rh7 34.Rgf1 Nh5
35.Rf8+ Ke7 36.Rc8 Kd7 37.Rff8 Nf6 38.c4 b5 39.Ra8 Ne4 40.Rad8+ Ke7 41.Rfe8+ Kf6
42.Re6+ Kg5 43.Rg8+ Kf4 44.Rg2 bxc4 45.bxc4 Ke3 46.Kc2 Rf7 47.Rh6 Kd4 48.Rh4 Rf4
49.Rh7 Kxc4 50.Rxc7+ Kxd5 51.Rxa7 Nc5 52.Rd2+ Kc6 53.Ra8 Rc4+ 54.Kb2 Rb4+
55.Kc2 Ne4 56.Rd3 Rb6 57.a4 Nc5 58.Rc3 Kb7 59.Ra5 Kc6 60.Ra8 Rb4 61.a5 Kb7
62.Rd8 Kc7 63.Re8 Rb5 64.a6 Ra5 65.a7 Ra2+ 66.Kd1 Rxa7 67.Rxe5 dxe5 68.Rxc5+ Kd6
69.Rc4 Kd5 70.Rh4 e4 71.Kd2 Ra3 72.Ke2 Kd4 73.Rh8 Ra2+ 74.Ke1 Kd3 75.Rb8 Ra1+
76.Kf2 e3+ 77.Kf3 Rf1+ 78.Kg2 e2  0-1

[Event "KB Czech Open"]
[Site "Pardubice CZE"]
[Date "2003.07.19"]
[Round "2"]
[White "Pinter,E"]
[Black "Inarkiev,E"]
[Result "0-1"]
[WhiteElo "2411"]
[BlackElo "2582"]

1.e4 g6 2.d4 Bg7 3.Nc3 d6 4.Be3 a6 5.h4 Nf6 6.Be2 h5 7.f3 Nbd7 8.a4 b6 9.Nh3 Bb7
10.Ng5 e6 11.O-O Qe7 12.f4 Ng4 13.Bxg4 hxg4 14.Qxg4 f5 15.Qh3 Nf6 16.d5 O-O-O
17.Rae1 Rde8 18.a5 b5 19.dxe6 Nxe4 20.Ncxe4 Bxe4 21.c3 Bf6 22.Qg3 Bxg5 23.hxg5 Rh5
24.Bd4 Qh7 25.Re3 Rxe6 26.Kf2 Rh4 27.Ke1 Rg4 28.Qh3 Rh4 29.Qg3 Rg4 30.Qh3 Qe7
31.Qh8+ Kb7 32.Qg7 Rxg2 33.Qxe7 Rxe7 34.Rf2 Rg1+ 35.Rf1 Rg4 36.Rf2 Rh7 37.Ree2 Rh1+
38.Kd2 Rgg1 39.Ke3 Rg3+ 40.Kd2 Rd3+  0-1

[Event "24th Open"]
[Site "Bled SLO"]
[Date "2003.07.20"]
[Round "9"]
[White "Tavcar,R"]
[Black "Trescher,M"]
[Result "1-0"]
[WhiteElo "2103"]
[BlackElo "2230"]

1.d4 g6 2.e4 Bg7 3.Nc3 d6 4.Be3 c6 5.Qd2 b5 6.Nge2 Nd7 7.Ng3 h5 8.Bd3 h4
9.Nge2 Nb6 10.O-O h3 11.g3 Nc4 12.Bxc4 bxc4 13.f3 Nf6 14.b3 Ba6 15.Rfe1 Qa5
16.Rad1 Qh5 17.g4 Nxg4 18.fxg4 Qxg4+ 19.Ng3 cxb3 20.axb3 f5 21.exf5 gxf5
22.Bg5 Qf3 23.Qf2 Qxf2+ 24.Kxf2 e5 25.dxe5 dxe5 26.Na4 O-O 27.Nc5 Bc8 28.Nh5 Bh8
29.Rd6 e4 30.Red1 f4 31.Rg6+ Kf7 32.Nxf4 Be5 33.Rxc6 Bg4 34.Rd5 Rae8 35.Ke3 Rg8
36.Bh4 Bb2 37.Rc7+ Kf8 38.Bg3 Rg7 39.Rxg7 Bxg7 40.Nxe4 Bc8 41.Ra5 Bh6 42.Rxa7 Bf5
43.Ra4 Rc8 44.c4 Rb8 45.Nd2 Bc2 46.Kf2 Kg8 47.Ra6 Bf8 48.Ne6  1-0

[Event "Open"]
[Site "Ikaros GRE"]
[Date "2003.07.20"]
[Round "9"]
[White "Hadzimanolis,A"]
[Black "Koukoufikis,A"]
[Result "0-1"]
[WhiteElo "2283"]
[BlackElo "2158"]

1.e4 d6 2.d4 g6 3.Nc3 Bg7 4.f4 Nf6 5.Nf3 O-O 6.Bd3 c5 7.d5 Na6 8.O-O Rb8
9.a4 Nb4 10.f5 gxf5 11.Nh4 Nxd3 12.cxd3 fxe4 13.Nxe4 Nxe4 14.dxe4 e6 15.Qh5 f6
16.Ra3 Qe8 17.Qd1 exd5 18.exd5 Qe4 19.Bf4 Bd7 20.Qh5 Rf7 21.Bxd6 Bg4 22.Qxf7+ Kxf7
23.Bxb8 Be2 24.Nf5 Qxd5 25.Re1 Qd2 26.Bg3 Bf8 27.Re3 Bg4 28.Bf4 Qxb2 29.Nd6+ Bxd6
30.Bxd6 Qd4 31.Bb8 Qxa4 32.Re7+ Kg6 33.R7e4 Qd7 34.Bxa7 Bf5 35.Rf4 Bd3 36.Bxc5 b5
37.Bd4 f5 38.Re3 Qd6 39.Be5 Qc5 40.Rf3 Be4 41.Rg3+ Kf7 42.Bb8 b4 43.h4 b3
44.Be5 f4  0-1

[Event "Quebec Open"]
[Site "Montreal CAN"]
[Date "2003.07.20"]
[Round "2"]
[White "Caceres Cortes,J"]
[Black "Luksza,A"]
[Result "1-0"]
[WhiteElo "2128"]
[BlackElo "2085"]

1.e4 d6 2.d4 g6 3.Nc3 Bg7 4.f4 a6 5.Nf3 b5 6.a4 b4 7.Na2 Nf6 8.Bd3 a5 9.c3 bxc3
10.Nxc3 O-O 11.O-O Na6 12.f5 Nb4 13.Bb1 Ba6 14.fxg6 hxg6 15.e5 dxe5 16.dxe5 Ng4
17.Qe1 Nxe5 18.Ng5 Bxf1 19.Qh4 Re8 20.Qh7+ Kf8 21.Bxg6 Qd4+ 22.Kxf1 Nxg6
23.Nce4 Qd1+ 24.Kf2 Nd3+ 25.Kg3 Nxc1 26.Ra3 Ne2+ 27.Kf2 Nef4 28.Kg3 Red8
29.h4 Qf1 30.Kg4 Qxg2+ 31.Rg3 Qe2+ 32.Rf3 Rd3 33.h5 Rxf3 34.Nxf3 Ne5+ 35.Kh4 Qxf3
36.h6 Qg4+  1-0

[Event "KB Czech Open"]
[Site "Pardubice CZE"]
[Date "2003.07.20"]
[Round "3"]
[White "Klinova,M"]
[Black "Jaracz,P"]
[Result "1-0"]
[WhiteElo "2388"]
[BlackElo "2539"]

1.e4 g6 2.d4 Bg7 3.Nc3 d6 4.f4 a6 5.a4 b6 6.Nf3 Bb7 7.Bd3 e6 8.O-O Ne7 9.f5 exf5
10.exf5 Qd7 11.Bg5 f6 12.Bh4 O-O 13.fxg6 hxg6 14.d5 c6 15.Bc4 c5 16.Qe2 Qd8
17.Qe6+ Kh8 18.Ng5 fxg5 19.Bxg5 Qe8 20.Rf3 Bd4+ 21.Kf1  1-0

[Event "KB Czech Open"]
[Site "Pardubice CZE"]
[Date "2003.07.22"]
[Round "5"]
[White "Vysochin,S"]
[Black "Vokac,M"]
[Result "1-0"]
[WhiteElo "2560"]
[BlackElo "2490"]

1.e4 g6 2.d4 Bg7 3.Nc3 d6 4.Be3 a6 5.Nf3 b5 6.Bd3 Nd7 7.O-O c5 8.dxc5 Nxc5
9.a4 b4 10.Nd5 Bb7 11.Nxb4 Nxe4 12.Qe2 Ngf6 13.Bxa6 Bxa6 14.Nxa6 O-O 15.Nb4 Qc7
16.c3 Nc5 17.Qc4 Rfe8 18.Bxc5 Qxc5 19.Qxc5 dxc5 20.Nd3 Ne4 21.a5 Ra6 22.Ra4 f5
23.Nfe5 Rd8 24.f3 Nd2 25.Re1 Nb3 26.Ra3 Nxa5 27.Nxc5 Rb6 28.Rxa5 Rxb2 29.Ne6 Bxe5
30.Raxe5 Rdd2 31.Nf4 g5 32.Ne2 Kf7 33.Rxf5+ Ke6 34.Nd4+ Kd6 35.Rxg5 e5 36.Nf5+  1-0

[Event "BCSA Open"]
[Site "Batumi GEO"]
[Date "2003.07.23"]
[Round "7"]
[White "Maisuradze,G"]
[Black "Shurgulaia,G"]
[Result "1-0"]
[WhiteElo "2040"]
[BlackElo "2146"]

1.e4 g6 2.d4 Bg7 3.Nc3 d6 4.Nf3 Bg4 5.Be2 Nc6 6.Be3 e5 7.dxe5 Bxf3 8.Bxf3 Nxe5
9.Be2 Nf6 10.O-O O-O 11.f4 Nc6 12.Bf3 Qd7 13.Nd5 Nxd5 14.exd5 Ne7 15.c3 Nf5
16.Bf2 h5 17.Qd3 Rfe8 18.g3 Nh6 19.Rfe1 h4 20.Kg2 b6 21.Rad1 Qa4 22.a3 Qb3
23.Rxe8+ Rxe8 24.Rd2 hxg3 25.hxg3 a5 26.Bd1 Qa2 27.Ba4 Re7 28.Bd1 Bf6 29.g4 g5
30.Be3 c6 31.fxg5 Qxd5+ 32.Qxd5 cxd5 33.Bxb6 Bxg5 34.Rxd5 f6 35.Bxa5 Bc1
36.Rxd6 Bxb2 37.Bb4 Kg7 38.Rd2 Re1 39.Be2 Bc1 40.Rc2 Be3 41.Kf3 Bg5 42.c4 Nf7
43.Bxe1  1-0

[Event "3rd Savaria Summer Open"]
[Site "Szombathely HUN"]
[Date "2003.07.23"]
[Round "5"]
[White "Simon,Z"]
[Black "Szabo,G ROM"]
[Result "0-1"]
[WhiteElo "2124"]
[BlackElo "2395"]

1.d4 g6 2.e4 Bg7 3.Nc3 d6 4.Be3 Nd7 5.Qd2 e5 6.f4 Ngf6 7.h3 Nh5 8.Nge2 exf4
9.Bxf4 Nxf4 10.Qxf4 O-O 11.O-O-O f5 12.Ng3 fxe4 13.Qxe4 Qg5+  0-1

[Event "3rd Savaria Summer Open"]
[Site "Szombathely HUN"]
[Date "2003.07.23"]
[Round "5"]
[White "Remete,Z"]
[Black "Rat,D"]
[Result "0-1"]
[WhiteElo "2035"]
[BlackElo "2316"]

1.e4 g6 2.d4 Bg7 3.Nc3 d6 4.Nf3 a6 5.Be2 Nf6 6.O-O O-O 7.Re1 Nc6 8.h3 b5
9.Bf1 e6 10.Bg5 h6 11.Bh4 Ne7 12.a4 b4 13.Na2 a5 14.c3 bxc3 15.Nxc3 g5 16.Bg3 Ng6
17.e5 Nh5 18.Bh2 Bb7 19.Ne4 Nhf4 20.g3 Nd5 21.Ned2 Qd7 22.Rc1 Rfb8 23.Qc2 Rc8
24.Qb3 Rcb8 25.Qc2 Ra7 26.Bb5 Qe7 27.Bc4 Ba8 28.b3 Bb7 29.Bb5 Ba6 30.Bc6 Nb4
31.Qc3 Nd3 32.Be4 Nxe1 33.Rxe1 d5 34.Bb1 Qb4 35.Qc2 Rc8 36.Rc1 c5 37.dxc5 Rac7
38.c6 Qb6 39.Qb2 Rxc6 40.Re1 Rc3 41.Kg2 Qb4 42.Bg1 Bd3 43.Bxd3 Rxd3 44.Qb1 Rxd2  0-1

[Event "18th Touraine Open"]
[Site "Avoine FRA"]
[Date "2003.07.24"]
[Round "6"]
[White "Apicella,M"]
[Black "Vingerhoets,L"]
[Result "1-0"]
[WhiteElo "2522"]
[BlackElo "2225"]

1.e4 g6 2.d4 Bg7 3.Nc3 d6 4.Be3 a6 5.Qd2 Nd7 6.h4 h5 7.Nh3 b5 8.Ng5 Bb7 9.O-O-O Ngf6
10.f3 O-O 11.g4 e5 12.d5 Nb6 13.Bd3 Rc8 14.Ne2 c5 15.dxc6 Rxc6 16.Ng3 Nc4
17.Bxc4 bxc4 18.c3 Qd7 19.gxh5 Nxh5 20.Nxh5 gxh5 21.Rhg1 f6 22.Qd5+ Kh8 23.Ne6 Rf7
24.Nd8  1-0

[Event "KB Czech Open"]
[Site "Pardubice CZE"]
[Date "2003.07.24"]
[Round "7"]
[White "Oral,T"]
[Black "Voloshin,L"]
[Result "1/2-1/2"]
[WhiteElo "2543"]
[BlackElo "2468"]

1.e4 d6 2.d4 g6 3.Nc3 Bg7 4.Nf3 a6 5.a4 Nf6 6.Be2 O-O 7.h3 Nc6 8.d5 Ne5 9.Nd2 e6
10.O-O exd5 11.exd5 a5 12.Nb3 Ne8 13.f4 Nd7 14.g4 Nc5 15.Nd4 Nf6 16.Bf3 Re8
17.Ra3 Bd7 18.Kg2 Kh8 19.Nde2 Nfe4 20.Nxe4 Nxe4 21.Re3 Nc5 22.b3 Rxe3 23.Bxe3 Qe7
24.Bd4 Re8 25.Ng3  1/2-1/2

[Event "11th Open"]
[Site "St Affrique FRA"]
[Date "2003.07.24"]
[Round "7"]
[White "Kosten,A"]
[Black "Voiska,M"]
[Result "1-0"]
[WhiteElo "2514"]
[BlackElo "2353"]

1.e4 d6 2.d4 g6 3.Nc3 Bg7 4.Nf3 Nd7 5.Be3 a6 6.a4 b6 7.g3 Bb7 8.Bg2 Ngf6
9.d5 c5 10.dxc6 Bxc6 11.Nd4 Bb7 12.O-O Rb8 13.Nd5 O-O 14.Re1 e6 15.Nb4 Qc7
16.Qe2 Nc5 17.f3 e5 18.Nb3 d5 19.exd5 Nxd5 20.Nxd5 Bxd5 21.Nxc5 bxc5 22.Qxa6 Rxb2
23.Reb1 Rxc2 24.Qd3 Rxg2+ 25.Kxg2 Qc6 26.Qb5 Bxf3+ 27.Kg1 Qe6 28.Bxc5 Bc6
29.Qb3 Bd5 30.Qe3 Rc8 31.Rd1 Ba8 32.Rd6 Qh3 33.Qf2 Bf8 34.Rf1 f6 35.Qa2+ Kh8
36.Qf2 Be7 37.Rc6 Rxc6 38.Bxe7 Kg8 39.Qa2+ Kg7 40.Qf2 Qe6 41.Bxf6+  1-0

[Event "3rd Savaria Summer Open"]
[Site "Szombathely HUN"]
[Date "2003.07.24"]
[Round "6"]
[White "Csom,E"]
[Black "Kantorik,M"]
[Result "0-1"]
[WhiteElo "2124"]
[BlackElo "2272"]

1.e4 g6 2.d4 Bg7 3.Nc3 d6 4.Be3 a6 5.a4 Nd7 6.Qd2 b6 7.f3 Bb7 8.Nge2 e6 9.g4 h6
10.Bg2 Qe7 11.Ng3 O-O-O 12.h4 Kb8 13.Kf2 Ngf6 14.Rad1 h5 15.g5 Nh7 16.Rhf1 f6
17.f4 e5 18.Kg1 exf4 19.Bxf4 Rdf8 20.Nge2 Rf7 21.Be3 Re8 22.Nf4 Ndf8 23.Nfd5 Qd7
24.b3 fxg5 25.hxg5 Rxf1+ 26.Rxf1 Ne6 27.Bh3 Qd8 28.Bxe6 Rxe6 29.Rf7 Qg8 30.Rxc7 Rxe4
31.Nxe4 Bxd5 32.Rxg7 Qxg7 33.Nxd6 Qd7 34.Bf4 Ka7 35.c4 Qg4+ 36.Kh2 Qh4+ 37.Kg1 Qg4+
38.Kh2 Bf3 39.Nf7 Nf8 40.Ne5 Qh4+ 41.Kg1 Be4 42.d5 Qh3 43.Nc6+ Kb7 44.Nd4 Nd7
45.b4 h4 46.c5 Qh1+ 47.Kf2 bxc5 48.bxc5 Qg2+ 49.Ke3 Qxd2+ 50.Kxd2 Bxd5 51.Bd6 h3
52.Ke3 Nxc5 53.a5 Ne4 54.Bh2 Nxg5 55.Kf4 Nf7 56.Kg3 Bg2 57.Ne2 Kc6 58.Nf4 Ne5
59.Nxg2 hxg2 60.Kxg2 Nc4 61.Kf3 Nxa5 62.Kg4 Nc4 63.Kg5 a5 64.Bf4 a4 65.Bc1 Kd5
66.Kxg6 Ke4 67.Kg5 Kd3 68.Kf5 Kc2 69.Bh6 a3 70.Ke4 a2  0-1

[Event "TCh-Europe u18"]
[Site "Balatonlelle HUN"]
[Date "2003.07.25"]
[Round "6"]
[White "Kryvoruchko,Y"]
[Black "Popovics,A"]
[Result "1-0"]
[WhiteElo "2415"]
[BlackElo "2421"]

1.e4 g6 2.d4 Bg7 3.Nc3 d6 4.Be3 a6 5.Qd2 b5 6.Bd3 Bb7 7.a4 b4 8.Nd1 a5 9.c3 Nf6
10.cxb4 Bxe4 11.Bxe4 Nxe4 12.Qd3 d5 13.bxa5 c5 14.dxc5 Qxa5+ 15.Kf1 e6 16.Rc1 Qxa4
17.f3 Nf6 18.Nc3 Qd7 19.b4 Nc6 20.b5 Ne5 21.Qd4 Nc4 22.c6 Qd6 23.Qc5 Qxc5
24.Bxc5 Nd2+ 25.Kf2 Nb3 26.Bd6 O-O-O 27.Rb1 Nd2 28.Rd1 Rxd6 29.Rxd2 d4 30.Nge2 Rhd8
31.Rhd1 Kc7 32.Na4 e5 33.Rb2 Nd5 34.Rc1 Bh6 35.f4 Nb6 36.Nxb6 Kxb6 37.Ra1 d3
38.fxe5 Rd5 39.Ra6+ Kc5 40.c7  1-0

[Event "3rd Savaria Summer Open"]
[Site "Szombathely HUN"]
[Date "2003.07.25"]
[Round "7"]
[White "Szieberth,A"]
[Black "Valis,J"]
[Result "1-0"]
[WhiteElo "2376"]
[BlackElo "2144"]

1.e4 d6 2.d4 g6 3.Nc3 Bg7 4.Be3 c6 5.Qd2 Nd7 6.a4 e5 7.Nf3 Ngf6 8.h3 Qc7
9.Bc4 O-O 10.dxe5 Nxe5 11.Nxe5 dxe5 12.Rd1 a5 13.Qd6 Qxd6 14.Rxd6 Ne8 15.Rd2 Nc7
16.O-O Ne6 17.Ne2 Re8 18.c3 Bf8 19.Nc1 Nc5 20.Bxc5 Bxc5 21.Rfd1 Kf8 22.Rd3 f5
23.Rf3 Kg7 24.exf5 gxf5 25.Nb3 Be7 26.g4 e4 27.Re3 Bg5 28.Ree1 fxg4 29.Nc5 e3
30.fxe3 Rxe3 31.Rf1 Rg3+ 32.Kh2 Rxh3+ 33.Kg2 Rf3 34.Rxf3 gxf3+ 35.Kxf3 Be7
36.Nxb7 h5 37.Ke4 Bg4 38.Rd2 Bg5 39.Rg2 Rf8 40.Kd4 Rf4+ 41.Kd3 Bf5+ 42.Ke2 Re4+
43.Kf3 Rf4+ 44.Ke2 Re4+ 45.Kf2 Rf4+ 46.Kg1 Kh6 47.Nd6 Bg6 48.Rf2 h4 49.Nf7+ Bxf7
50.Rxf4 Bxf4 51.Bxf7 Bc1 52.b4 Bd2 53.bxa5 Bxc3 54.a6 Kg5 55.Kf1 Kf4 56.a7  1-0